| 000 | 00922nam a2200265 i 4500 | ||
|---|---|---|---|
| 001 | 180784 | ||
| 003 | ES-MaACL | ||
| 005 | 20250818061903.0 | ||
| 008 | 120712s2010 sp aop |||| | spa d | ||
| 020 | _a978-84-937826-0-3 | ||
| 080 | _a235.2 | ||
| 100 | 1 |
_aBofarull, Salvador. _9143049 |
|
| 245 | 1 | 0 |
_aDemonios / _cSalvador Bofarull ; prólogo de Gonzalo Puente Ojea. |
| 260 |
_aCollado Villalba, Madrid : _bÉnfasis, _c[2010] |
||
| 300 |
_a150 p. : _bil. col. y n., fot. ; _c25 x 22 cm. |
||
| 500 | _aÍndice. | ||
| 504 | _aBibliografía: p. 135-138. | ||
| 650 | 7 |
_aDemonio. _911587 |
|
| 650 | 0 | 7 |
_aDemonología _2embne _911589 |
| 700 | 1 |
_aPuente Ojea, Gonzalo. _994161 |
|
| 852 |
_aES-MaACL _jA-12145 _zDedicatoria autógrafa del autor _9187688 _bR.146045 _cDEPO1 _dOlim: N-5150 _xDonación: Salvador Bofarull |
||
| 903 |
_9143049 _aBofarull, Salvador _ednr |
||
| 942 |
_2udc _cMONOGRAFIA |
||
| 999 |
_c180784 _d180784 |
||